| 000 | 00832nam a2200205 a 4500 | ||
|---|---|---|---|
| 008 | 120416s1993 ||||||||||||||||| || u | ||
| 020 | _a1872748155 | ||
| 050 | _aQK 728 Pla | ||
| 100 | _aCroy, R. R. D | ||
| 245 | 1 | 0 |
_aPlant molecular biology _cedited by R. R. D. Croy |
| 246 | _alabfax | ||
| 260 |
_aOxford _bBios Scientific Pubs _c1993 |
||
| 300 | _axvi, 382p. : ill. | ||
| 350 | _a0.00 | ||
| 650 | _aPLANTS | ||
| 650 | _aPLANT MOLECULAR BIOLOGY | ||
| 650 | 0 | _aBIOLOGY--PLANTS | |
| 995 |
_aMAIN LIBRARY OPEN ACCESS _D0.00 _e731972 _FCBU-MAIN LIBRARY (Kitwe) _H1 _I33.95 _jQK 728 Pla _M1 _UAVAILABLE _WApr 26, 2006 _y029421 _ZMain Library Open Access Collection |
||
| 995 |
_aMAIN LIBRARY OPEN ACCESS _D0.00 _e731973 _FCBU-MAIN LIBRARY (Kitwe) _H2 _I33.95 _jQK 728 Pla _M2 _UAVAILABLE _WMay 3, 2007 _y029420 _ZMain Library Open Access Collection |
||
| 999 |
_c81967 _d81967 |
||